000 00681nam a2200169Ia 4500
001 7539
003 GE_BSU
008 181216s||||||||xx |||||||||||||| ||und||
040 _cGE_BSU
245 _aბუღალტრული აღრიცხვა, №6.2013.
245 _bყოველთვიური სამეცნიერო-პრაქტიკული ჟურნალი.
245 _cმთ.რედ.ლავრენტი ჭუმბურიძე, გამ.რედ.მანანა გველესიანი.
260 _aთბილისი.
300 _a62გვ;29სმ.
653 _aპერიოდიკა
942 _cCR
999 _c40895
_d40895